Exposición de objetos de arte en Barcelona / F. Basols
Descripción Física:
16 p. ; 26 cm
MARC
| LEADER | 00000nam a2200000Ia 4500 | ||
|---|---|---|---|
| 001 | 20180 | ||
| 008 | 160829s1876 xx 000 0 cat d | ||
| 080 | |a 2274, exp. 1 | ||
| 100 | |a Basols, F. |9 48325 | ||
| 245 | |a Exposición de objetos de arte en Barcelona / F. Basols | ||
| 260 | |a Barcelona : |b Establecimiento Tipográfico de Narciso Ramírez y ca., |c 1876 | ||
| 300 | |a 16 p. ; |c 26 cm | ||
| 590 | |a A la portada: Noviembre de 1876 | ||
| 650 | |a Objectes d'art |x Catàlegs |9 48028 | ||
| 650 | |a Objectes d'art |x Exposicions |9 47781 | ||
| 901 | |a Arxiu | ||
| 942 | |n 1 | ||
| 952 | |0 0 |1 0 |4 0 |6 2274_EXP_1 |7 1 |9 54469 |a Arxiu |b Arxiu |d 2016-12-01 |l 0 |o 2274, exp. 1 |p 20180 |r 2016-12-01 00:00:00 |w 2016-12-01 |y ARXIU | ||
| 999 | |c 58338 |d 58338 | ||